Công nghệ vật liệu cách nhiệt

Uloženo v:
Podrobná bibliografie
Hlavní autor: Nguyễn Như Quý
Médium: Kniha
Jazyk:Undetermined
Vydáno: Hà Nội Xây Dựng 2002
Témata:
Tagy: Přidat tag
Žádné tagy, Buďte první, kdo otaguje tento záznam!
Thư viện lưu trữ: Trung tâm Học liệu Trường Đại học Cần Thơ
LEADER 00536nam a2200181Ia 4500
001 CTU_53861
008 210402s9999 xx 000 0 und d
020 |b 22000 
082 |a 620.195 
082 |b Qu600 
100 |a Nguyễn Như Quý 
245 0 |a Công nghệ vật liệu cách nhiệt 
245 0 |c Nguyễn Như Quý 
260 |a Hà Nội 
260 |b Xây Dựng 
260 |c 2002 
650 |a insulating materials,engineering materials 
980 |a Trung tâm Học liệu Trường Đại học Cần Thơ